| 000 | 00499nam a2200193 a 4500 | ||
|---|---|---|---|
| 001 | 1773224833260 | ||
| 003 | YourLibrary | ||
| 005 | 20260311160325.0 | ||
| 008 | 260311s2000##################000#0#eng## | ||
| 020 | _a9780262581820 | ||
| 082 | 0 | 4 |
_a362.121 _bHOF |
| 100 | 1 |
_aHofrichter, Richard, _eauthor. |
|
| 245 | 1 | 0 | _aReclaiming the Environmental Debate : |
| 260 |
_bMIT Press, _c2000. |
||
| 300 | _a366 pages | ||
| 650 | 0 | _aLaw. | |
| 942 | _cENGLISH | ||
| 040 |
_aYourLibrary _beng _cYourLibrary |
||
| 999 |
_c617603 _d617603 |
||